000 00292nam a22001097a 4500
008 150818b xxu||||| |||| 00| 0 eng d
020 _a0201198290
082 _a005.7565 5 DAV
100 _aDAVIS, WILLIAM S
245 _aCOMPUTING FUNDAMENTALS dBASE IV
260 _aNEW YORK :
_bADDISON-WESLEY,
_c1990.
999 _c57
_d57